00651nam a2200157 a 450000500170000000800410001702000180005805000260007610000240010224501280012626000480025430000220030265000330032499900190035795201170037620140412111259.0010419s19uu xx 00 eng d a971-121-160-2 aFil 232.921bVIL 1991 aVillanueva, Rene O. aAng mahiwagang tala :bisan kuwento ng unang pasko /cRene O. Villanueva at Tomas Lacson; illustrated by Reynaldo Tiongson. aManila, Philippines :bAklat Adarna,c1990. a1v. (unp.) ; ill. aFirst Christmas, Philippines c103288d103288 001040aELbELcFILd2001-04-19eLib. Fundl0oFil 232.921 VIL 1991pE4385r2014-04-12 00:00:00w2014-04-12yBK